00355nam a2200121Ia 4500008004100000082002300041100002100064245004100085260002900126300000800155630001800163650005200181211109s9999||||xx |||||||||||||| ||und|| a894.812 133bMAD-K aMadhavan Nair, V 0aKarna Sapatham: Aattakatha Malayalam bDC BooksaKottayamc1981 a54p xGeneral Stack aMalayalam LiteraturevMalayalam PoetryGeneralia